000 00576cam a2200217ua 4500
020 _a0 07 037956 4
_c108.90
041 _aeng
_h
082 _a551.4802462
_bLIN/HY
100 _aLinsley, K .
245 _aHydrology for engineers /
_cK Linsley.
_hTextual Documents
250 _a3 /
_b.
260 _aSingapore :
_bMcGraw-Hill International Book Company ,
_c1982.
300 _a487 ; .
365 _a108.90
504 _a
700 1 _aKohler, Max A .
700 1 _aPaulhees, Joseph L . H .
942 _cBK
999 _c2034
_d2034